[Event "Titled Tuesday intern op 10th Jan Early"]
[Site "Chess.com INT"]
[Date "2023.01.10"]
[Round "5"]
[White "Karabalis, Harilos"]
[Black "Levine, David M"]
[Result "1-0"]
[WhiteElo "2252"]
[BlackElo "2068"]
[PlyCount "63"]
[EventDate "2023.01.10"]
[EventType "swiss (blitz)"]
[EventRounds "11"]
[EventCountry "USA"]
[SourceTitle "EXT 2024"]
[Source "ChessBase"]
[SourceDate "2023.10.10"]
[SourceVersion "1"]
[SourceVersionDate "2023.10.10"]
[SourceQuality "1"]

1. c4 Nf6 2. Nc3 g6 3. g3 Bg7 4. Bg2 0-0 5. e4 d6 6. Nge2 c5 7. 0-0 Nc6 8. d3 a6 9. h3 Rb8 10. a4 Ne8 11. Be3 Nc7 12. d4 cxd4 13. Nxd4 Nxd4 14. Bxd4 b5 15. cxb5 axb5 16. a5 b4 17. Nd5 Ne6 18. Bb6 Qd7 19. Qd2 Ba6 20. Rfc1 b3 21. h4 f5 22. exf5 gxf5 23. Nc7 Bb7 24. Nxe6 Qxe6 25. Bxb7 Rxb7 26. Be3 f4 27. Bxf4 Rxf4 28. gxf4 Qg4+ 29. Kf1 Qh3+ 30. Ke2 Qxh4 31. Qd5+ Kf8 32. Rc8# 1-0

[Event "Titled Tuesday intern op 10th Jan Early"]
[Site "Chess.com INT"]
[Date "2023.01.10"]
[Round "6"]
[White "Karabalis, Harilos"]
[Black "Womacka, Mathias"]
[Result "1/2-1/2"]
[WhiteElo "2252"]
[BlackElo "2409"]
[PlyCount "67"]
[EventDate "2023.01.10"]
[EventType "swiss (blitz)"]
[EventRounds "11"]
[EventCountry "USA"]
[SourceTitle "EXT 2024"]
[Source "ChessBase"]
[SourceDate "2023.10.10"]
[SourceVersion "1"]
[SourceVersionDate "2023.10.10"]
[SourceQuality "1"]

1. c4 c5 2. Nc3 Nf6 3. g3 d5 4. cxd5 Nxd5 5. Bg2 Nc7 6. d3 e5 7. Be3 Be7 8. Nf3 Nc6 9. Qc1 Ne6 10. Ne4 b6 11. 0-0 0-0 12. Nfd2 Rb8 13. Nxc5 Ncd4 14. Nxe6 Nxe2+ 15. Kh1 Bxe6 16. Qc2 Nd4 17. Qa4 a5 18. Ne4 b5 19. Qd1 Qd7 20. Rc1 Bxa2 21. Nc5 Bxc5 22. Rxc5 f6 23. Bxd4 Qxd4 24. Rc7 Bd5 25. Qh5 Rf7 26. Rfc1 Qxd3 27. Kg1 Rxc7 28. Bxd5+ Qxd5 29. Rxc7 Rf8 30. Qg4 Rf7 31. Rc8+ Rf8 32. Rc7 Rf7 33. Rc8+ Rf8 34. Rc7 1/2-1/2

[Event "Titled Tuesday intern op 18th Oct Early"]
[Site "Chess.com INT"]
[Date "2022.10.18"]
[Round "5"]
[White "Kovacevic, Radmila"]
[Black "Karabalis, Harilos"]
[Result "1/2-1/2"]
[WhiteElo "2113"]
[BlackElo "2252"]
[PlyCount "160"]
[EventDate "2022.10.18"]
[EventType "swiss (blitz)"]
[EventRounds "11"]
[EventCountry "USA"]
[SourceTitle "EXT 2024"]
[Source "ChessBase"]
[SourceDate "2023.10.10"]
[SourceVersion "1"]
[SourceVersionDate "2023.10.10"]
[SourceQuality "1"]

1. e4 e6 2. d4 d5 3. Nc3 Nf6 4. Nf3 Bb4 5. e5 Ne4 6. Bd2 Nxd2 7. Qxd2 c5 8. a3 Bxc3 9. Qxc3 cxd4 10. Nxd4 Bd7 11. Qg3 0-0 12. Bd3 Nc6 13. Nf3 f5 14. h4 Rc8 15. h5 Qe7 16. h6 g6 17. 0-0-0 b5 18. Bxb5 Na5 19. Bxd7 Qxd7 20. Nh4 Qa4 21. Rd2 Nb3+ 22. Kd1 Nxd2 23. Nxg6 Qxc2+ 24. Ke1 Qe4+ 25. Kd1 Qg4+ 26. Qxg4 fxg4 27. Nxf8 Nb3 28. Rh4 Rc1+ 29. Ke2 Kxf8 30. Rxg4 Rc2+ 31. Kf3 Rc7 32. Rb4 Nd2+ 33. Ke2 Ne4 34. f4 Ng3+ 35. Kf3 Nf5 36. Rb8+ Kf7 37. Rh8 Kg6 38. g4 Nxh6 39. Re8 Kf7 40. Rh8 Kg7 41. Re8 Kf7 42. Rh8 Rc6 43. Rxh7+ Kg6 44. Rh8 Kg7 45. Ra8 a6 46. Ra7+ Nf7 47. f5 Kf8 48. Kf4 Rc4+ 49. Ke3 Nxe5 50. fxe6 Nxg4+ 51. Kd3 Ne5+ 52. Kd2 Rc6 53. e7+ Kf7 54. Ke3 Rd6 55. Kd4 Nc6+ 56. Kc5 Nxa7 57. Kxd6 Ke8 58. Kxd5 Kxe7 59. Kc5 Nc8 60. Kc6 Kd8 61. Kb7 a5 62. Ka6 a4 63. Kb5 Kc7 64. Kxa4 Nd6 65. b4 Kc6 66. Ka5 Nb5 67. a4 Nc3 68. b5+ Kb7 69. Kb4 Nd5+ 70. Kc5 Nb6 71. a5 Nd7+ 72. Kb4 Nb8 73. Kc5 Kc7 74. a6 Nd7+ 75. Kd5 Nb6+ 76. Kc5 Nc8 77. Kb4 Kb6 78. Kc4 Nd6+ 79. Kd5 Nxb5 80. a7 Nxa7 1/2-1/2

[Event "Titled Tuesday intern op 18th Oct Early"]
[Site "Chess.com INT"]
[Date "2022.10.18"]
[Round "8"]
[White "Namitbir, Singh Walia"]
[Black "Karabalis, Harilos"]
[Result "1-0"]
[WhiteElo "2339"]
[BlackElo "2252"]
[PlyCount "71"]
[EventDate "2022.10.18"]
[EventType "swiss (blitz)"]
[EventRounds "11"]
[EventCountry "USA"]
[SourceTitle "EXT 2024"]
[Source "ChessBase"]
[SourceDate "2023.10.10"]
[SourceVersion "1"]
[SourceVersionDate "2023.10.10"]
[SourceQuality "1"]

1. d4 d5 2. c4 c6 3. Nf3 Nf6 4. g3 Bf5 5. Bg2 e6 6. 0-0 Nbd7 7. b3 Be7 8. Bb2 h6 9. Nbd2 0-0 10. Re1 Re8 11. Ne5 Nxe5 12. dxe5 Nd7 13. e4 dxe4 14. Nxe4 Bxe4 15. Bxe4 Nf8 16. Qc2 Qb6 17. Rad1 Rad8 18. Kg2 Bb4 19. Rxd8 Rxd8 20. Rd1 Bc5 21. f4 a5 22. Bc3 Rxd1 23. Qxd1 Bb4 24. Bb2 Qe3 25. Bf3 Bc5 26. Qe2 Qg1+ 27. Kh3 g5 28. fxg5 hxg5 29. Be4 Ng6 30. Bxg6 fxg6 31. Bc3 Bb6 32. Bd2 Bd8 33. Qd3 Kf7 34. Qd7+ Be7 35. Bxg5 Qf1+ 36. Kh4 1-0

[Event "Titled Tuesday intern op 01st Mar Early"]
[Site "Chess.com INT"]
[Date "2022.03.01"]
[Round "8"]
[White "Karabalis, Harilos"]
[Black "Muhammed, Shuaau"]
[Result "1-0"]
[WhiteElo "2252"]
[BlackElo "1970"]
[PlyCount "95"]
[EventDate "2022.03.01"]
[EventType "swiss (blitz)"]
[EventRounds "11"]
[EventCountry "USA"]
[SourceTitle "CBM 207 Extra"]
[Source "ChessBase"]
[SourceDate "2022.05.31"]
[SourceVersion "1"]
[SourceVersionDate "2022.05.31"]
[SourceQuality "1"]

1. e4 e5 2. Nf3 Nc6 3. Bb5 a6 4. Ba4 Nf6 5. 0-0 Be7 6. d3 d6 7. c3 b5 8. Bc2 0-0 9. h3 Bb7 10. Re1 Nb8 11. Nbd2 c5 12. Nf1 Nbd7 13. Ng3 g6 14. Bg5 Re8 15. Qd2 Kh8 16. d4 Ng8 17. dxc5 Nxc5 18. Rad1 f6 19. Be3 Qc7 20. b4 Nd7 21. Bb3 Nb6 22. Bxb6 Qxb6 23. c4 Rec8 24. cxb5 Qxb5 25. Rc1 a5 26. bxa5 Qxa5 27. Rxc8 Bxc8 28. Qd1 Bb7 29. Re3 Nh6 30. Rd3 f5 31. Rxd6 Bxd6 32. Qxd6 Ng8 33. Nxe5 Bxe4 34. Nxe4 fxe4 35. Nf7+ Kg7 36. Ng5 Qe1+ 37. Kh2 Qxf2 38. Qd7+ Kh6 39. Nf7+ Kg7 40. Ne5+ Kh8 41. Nf7+ Kg7 42. Ng5+ Kf6 43. Nxe4+ Ke5 44. Nxf2 Kf4 45. Qd5 Ra4 46. g3+ Ke3 47. Ng4+ Ke2 48. Qd1# 1-0

[Event "Titled Tuesday intern op 22nd Feb Early"]
[Site "Chess.com INT"]
[Date "2022.02.22"]
[Round "5"]
[White "Karabalis, Harilos"]
[Black "Fonseca Manrique, Enrique"]
[Result "1-0"]
[WhiteElo "2252"]
[BlackElo "2169"]
[PlyCount "39"]
[EventDate "2022.02.22"]
[EventType "swiss (blitz)"]
[EventRounds "11"]
[EventCountry "USA"]
[SourceTitle "CBM 207 Extra"]
[Source "ChessBase"]
[SourceDate "2022.05.31"]
[SourceVersion "1"]
[SourceVersionDate "2022.05.31"]
[SourceQuality "1"]

1. e4 c5 2. a3 Nf6 3. Nc3 Nc6 4. Nf3 d5 5. exd5 Nxd5 6. Bc4 e6 7. 0-0 Be7 8. Ne4 0-0 9. d3 b6 10. Re1 Bb7 11. Ba2 Rc8 12. Ng3 Nd4 13. Ne5 g6 14. c3 Nc6 15. Bh6 Re8 16. Ng4 Bg5 17. Bxd5 Qxd5 18. Ne4 Qf5 19. Bxg5 Ne7 20. Nh6+ 1-0

[Event "Titled Tuesday intern op 22nd Feb Early"]
[Site "Chess.com INT"]
[Date "2022.02.22"]
[Round "11"]
[White "Karabalis, Harilos"]
[Black "Galyas, Miklos"]
[Result "0-1"]
[WhiteElo "2252"]
[BlackElo "2468"]
[PlyCount "68"]
[EventDate "2022.02.22"]
[EventType "swiss (blitz)"]
[EventRounds "11"]
[EventCountry "USA"]
[SourceTitle "CBM 207 Extra"]
[Source "ChessBase"]
[SourceDate "2022.05.31"]
[SourceVersion "1"]
[SourceVersionDate "2022.05.31"]
[SourceQuality "1"]

1. e4 d6 2. d4 g6 3. c3 Bg7 4. Nf3 Nf6 5. Bd3 0-0 6. 0-0 Nc6 7. h3 e5 8. Re1 Nh5 9. Be3 h6 10. Qd2 g5 11. Na3 Nf4 12. Bf1 Qf6 13. dxe5 dxe5 14. Bxf4 gxf4 15. Rad1 a6 16. c4 Kh8 17. c5 Rg8 18. Nc4 Be6 19. Qc3 Nd4 20. Nxd4 exd4 21. Qf3 Rad8 22. b3 Qg5 23. Nb2 Qxc5 24. Nd3 Qg5 25. Nxf4 Be5 26. Nd3 f6 27. Kh1 Rg7 28. g3 Rdg8 29. Qg2 Qh5 30. f4 Rxg3 31. Qh2 Bxh3 32. Be2 Qh4 33. fxe5 Bg2+ 34. Kg1 Rh3 0-1

[Event "Titled Tuesday intern op 22nd Feb Early"]
[Site "Chess.com INT"]
[Date "2022.02.22"]
[Round "8"]
[White "Karabalis, Harilos"]
[Black "Mikhailov, Viacheslav"]
[Result "0-1"]
[WhiteElo "2252"]
[BlackElo "2428"]
[PlyCount "94"]
[EventDate "2022.02.22"]
[EventType "swiss (blitz)"]
[EventRounds "11"]
[EventCountry "USA"]
[SourceTitle "CBM 207 Extra"]
[Source "ChessBase"]
[SourceDate "2022.05.31"]
[SourceVersion "1"]
[SourceVersionDate "2022.05.31"]
[SourceQuality "1"]

1. e4 d6 2. d4 Nf6 3. Nc3 g6 4. Be3 Bg7 5. f3 0-0 6. Qd2 e5 7. Nge2 exd4 8. Nxd4 Nc6 9. g3 d5 10. Nxc6 bxc6 11. Rd1 Qe7 12. exd5 Nxd5 13. Nxd5 cxd5 14. c3 Rb8 15. Kf2 Re8 16. b4 a5 17. a3 axb4 18. axb4 Ra8 19. Bb5 Bd7 20. Bc5 Qd8 21. Bd3 Ra3 22. Rc1 c6 23. Rhe1 Rxe1 24. Qxe1 h5 25. b5 Ra2+ 26. Kg1 cxb5 27. Qe3 h4 28. Bf1 hxg3 29. hxg3 Qc7 30. f4 Bf5 31. Bxb5 Be4 32. Bf1 Qa5 33. Bd4 Qa3 34. Bxg7 Kxg7 35. Qd4+ Kh7 36. Re1 Ra1 37. Re2 f6 38. Qxf6 Qa7+ 39. Qd4 Qxd4+ 40. cxd4 Rd1 41. Kf2 Rxd4 42. Ke3 Rd3+ 43. Kf2 Rf3+ 44. Ke1 Rxg3 45. Rh2+ Kg7 46. Be2 Ra3 47. Rh3 Rxh3 0-1

[Event "Titled Tuesday intern op 22nd Feb Early"]
[Site "Chess.com INT"]
[Date "2022.02.22"]
[Round "2"]
[White "Karabalis, Harilos"]
[Black "Yushko, Olga"]
[Result "0-1"]
[WhiteElo "2252"]
[BlackElo "2064"]
[PlyCount "36"]
[EventDate "2022.02.22"]
[EventType "swiss (blitz)"]
[EventRounds "11"]
[EventCountry "USA"]
[SourceTitle "CBM 207 Extra"]
[Source "ChessBase"]
[SourceDate "2022.05.31"]
[SourceVersion "1"]
[SourceVersionDate "2022.05.31"]
[SourceQuality "1"]

1. e4 d6 2. d4 e5 3. Nf3 Nf6 4. dxe5 Nxe4 5. Bc4 Be7 6. exd6 Qxd6 7. Qe2 Nf6 8. 0-0 0-0 9. Rd1 Qc5 10. Be3 Qh5 11. h3 Bd6 12. Nc3 Nc6 13. Nd5 Nxd5 14. Rxd5 Qg6 15. Bd3 Qe6 16. Rd1 Ne5 17. Rxe5 Bxe5 18. Bf4 Bxf4 0-1

[Event "Titled Tuesday intern op 22nd Feb Early"]
[Site "Chess.com INT"]
[Date "2022.02.22"]
[Round "6"]
[White "Papp, Levente"]
[Black "Karabalis, Harilos"]
[Result "1-0"]
[WhiteElo "2402"]
[BlackElo "2252"]
[PlyCount "93"]
[EventDate "2022.02.22"]
[EventType "swiss (blitz)"]
[EventRounds "11"]
[EventCountry "USA"]
[SourceTitle "CBM 207 Extra"]
[Source "ChessBase"]
[SourceDate "2022.05.31"]
[SourceVersion "1"]
[SourceVersionDate "2022.05.31"]
[SourceQuality "1"]

1. g3 Nf6 2. c4 e6 3. Bg2 d5 4. Nf3 Be7 5. 0-0 0-0 6. Qc2 c6 7. d4 Nbd7 8. Nc3 Re8 9. b3 b6 10. Nd2 Bb7 11. e4 dxe4 12. Ndxe4 Rc8 13. Bb2 Qc7 14. Rad1 c5 15. d5 exd5 16. cxd5 Bf8 17. Nb5 Qb8 18. Nxf6+ Nxf6 19. Bxf6 gxf6 20. Qf5 Bg7 21. Be4 h6 22. Qh7+ Kf8 23. Bg2 a6 24. Nc3 Rcd8 25. Rfe1 Rxe1+ 26. Rxe1 b5 27. Qf5 Bc8 28. Qc2 f5 29. Ne2 Qe5 30. Qxc5+ Kg8 31. Qe3 Qb2 32. Qe7 Bf6 33. Qc7 Qd2 34. Qc1 Qb4 35. Rd1 Bb7 36. Qxh6 Bg7 37. Qg5 Re8 38. Nf4 Re1+ 39. Rxe1 Qxe1+ 40. Bf1 Kh8 41. Qd8+ Kh7 42. Qd7 Ba8 43. Qxf7 Qe4 44. Qh5+ Kg8 45. Qe2 Qb1 46. Qe8+ Kh7 47. Qxa8 1-0

[Event "Titled Tuesday intern op 15th Feb Early"]
[Site "Chess.com INT"]
[Date "2022.02.15"]
[Round "6"]
[White "Vivas Zamora, Fabian Ernesto"]
[Black "Karabalis, Harilos"]
[Result "0-1"]
[WhiteElo "2344"]
[BlackElo "2252"]
[PlyCount "70"]
[EventDate "2022.02.15"]
[EventType "swiss (blitz)"]
[EventRounds "11"]
[EventCountry "USA"]
[SourceTitle "CBM 206 Extra"]
[Source "ChessBase"]
[SourceDate "2022.03.31"]
[SourceVersion "1"]
[SourceVersionDate "2022.03.31"]
[SourceQuality "1"]

1. c4 Nf6 2. Nc3 c5 3. Nf3 d5 4. cxd5 Nxd5 5. e4 Nc7 6. d4 cxd4 7. Qxd4 Qxd4 8. Nxd4 a6 9. Bf4 Ne6 10. Nd5 Nxd4 11. Nc7+ Kd8 12. 0-0-0 Nbc6 13. Nxa8 f6 14. Bc7+ Ke8 15. Bb6 e5 16. Nc7+ Kd7 17. Bc4 Bd6 18. Be6+ Nxe6 19. Nd5 Ned4 20. Rd2 Ke8 21. Rhd1 Be6 22. Ne3 Ke7 23. b3 Rc8 24. Kb2 Bb4 25. Rd3 Ke8 26. Nd5 Bd6 27. f4 Bf7 28. g3 Bg6 29. f5 Bf7 30. a3 Bxd5 31. exd5 Ne7 32. Bxd4 exd4 33. Re1 Be5 34. Re4 Rd8 35. Rde3 dxe3+ 0-1

[Event "Titled Tuesday intern op 08th Feb Early"]
[Site "Chess.com INT"]
[Date "2022.02.08"]
[Round "4"]
[White "Kaasen, Tor Fredrik"]
[Black "Karabalis, Harilos"]
[Result "1-0"]
[WhiteElo "2458"]
[BlackElo "2252"]
[PlyCount "61"]
[EventDate "2022.02.08"]
[EventType "swiss (blitz)"]
[EventRounds "11"]
[EventCountry "USA"]
[SourceTitle "CBM 206 Extra"]
[Source "ChessBase"]
[SourceDate "2022.03.31"]
[SourceVersion "1"]
[SourceVersionDate "2022.03.31"]
[SourceQuality "1"]

1. e4 e6 2. d4 d5 3. Nc3 Nf6 4. Bg5 dxe4 5. Nxe4 Nbd7 6. Nf3 Be7 7. Bxf6 Nxf6 8. Bd3 0-0 9. Qe2 Nxe4 10. Qxe4 f5 11. Qe2 c5 12. dxc5 Bxc5 13. 0-0-0 Qf6 14. Bc4 b5 15. Bb3 a5 16. Rhe1 a4 17. Bxe6+ Kh8 18. Bxc8 Raxc8 19. Kb1 a3 20. Ne5 h6 21. f4 axb2 22. Nd7 Qa6 23. Nxf8 Rxf8 24. Qe6 Qa5 25. Re5 Bb4 26. Rxf5 Rd8 27. Rxd8+ Qxd8 28. Rd5 Qh4 29. Qe8+ Kh7 30. Qe4+ Kh8 31. Qxb4 1-0

[Event "Titled Tuesday intern op 08th Feb Early"]
[Site "Chess.com INT"]
[Date "2022.02.08"]
[Round "5"]
[White "Karabalis, Harilos"]
[Black "Ashiev, Eduard"]
[Result "1-0"]
[WhiteElo "2252"]
[BlackElo "2202"]
[PlyCount "77"]
[EventDate "2022.02.08"]
[EventType "swiss (blitz)"]
[EventRounds "11"]
[EventCountry "USA"]
[SourceTitle "CBM 206 Extra"]
[Source "ChessBase"]
[SourceDate "2022.03.31"]
[SourceVersion "1"]
[SourceVersionDate "2022.03.31"]
[SourceQuality "1"]

1. e4 e5 2. Nf3 Nc6 3. Bb5 Nge7 4. 0-0 g6 5. c3 Bg7 6. d4 exd4 7. cxd4 d5 8. e5 0-0 9. h3 f6 10. exf6 Rxf6 11. Nc3 h6 12. Re1 Kh7 13. Ne5 Nf5 14. Bxc6 bxc6 15. Bf4 Bd7 16. Ng4 Rf8 17. Be5 Nd6 18. Bxg7 Kxg7 19. Qd2 Qg5 20. Qxg5 hxg5 21. Re7+ Rf7 22. Rae1 Re8 23. Rxf7+ Nxf7 24. Rxe8 Bxe8 25. Na4 Nd6 26. Ne3 Bd7 27. Nc5 Bc8 28. a4 Kf6 29. f3 Nf5 30. Nxf5 gxf5 31. Kf2 f4 32. a5 Kf5 33. b4 a6 34. g3 Kf6 35. Kg2 Kg6 36. Kh2 Kf6 37. g4 Kg6 38. Nd3 Bd7 39. Ne5+ 1-0

[Event "Titled Tuesday intern op 08th Feb Early"]
[Site "Chess.com INT"]
[Date "2022.02.08"]
[Round "6"]
[White "Karabalis, Harilos"]
[Black "Minina, Veronika"]
[Result "1-0"]
[WhiteElo "2252"]
[BlackElo "2057"]
[PlyCount "79"]
[EventDate "2022.02.08"]
[EventType "swiss (blitz)"]
[EventRounds "11"]
[EventCountry "USA"]
[SourceTitle "CBM 206 Extra"]
[Source "ChessBase"]
[SourceDate "2022.03.31"]
[SourceVersion "1"]
[SourceVersionDate "2022.03.31"]
[SourceQuality "1"]

1. e4 c5 2. a3 e6 3. Nf3 Nf6 4. e5 Nd5 5. c3 Nc6 6. d4 cxd4 7. cxd4 d6 8. Bc4 Be7 9. 0-0 Nb6 10. Bb5 0-0 11. exd6 Qxd6 12. Nc3 a6 13. Bd3 Kh8 14. Bc2 Bf6 15. Be3 Nd5 16. Ne4 Qe7 17. Nxf6 Qxf6 18. Qd3 Qg6 19. Qe2 Qh5 20. Bd2 Qg4 21. Qd3 Qg6 22. Qb3 Qg4 23. Rad1 Bd7 24. h3 Qh5 25. Qxb7 Rfd8 26. Qb3 Rab8 27. Qa2 Rdc8 28. Be4 Nce7 29. Rc1 Bb5 30. Rfe1 Rxc1 31. Rxc1 Nf6 32. Bb1 Ned5 33. b4 Ba4 34. Rc5 Bb5 35. Qc2 Rd8 36. Bg5 Rg8 37. Qd2 Ba4 38. Ne5 Bb5 39. g4 Nxg4 40. hxg4 1-0

[Event "Titled Tuesday intern op 08th Feb Early"]
[Site "Chess.com INT"]
[Date "2022.02.08"]
[Round "1"]
[White "Molina, Roberto Junio Brito"]
[Black "Karabalis, Harilos"]
[Result "1-0"]
[WhiteElo "2400"]
[BlackElo "2252"]
[PlyCount "129"]
[EventDate "2022.02.08"]
[EventType "swiss (blitz)"]
[EventRounds "11"]
[EventCountry "USA"]
[SourceTitle "CBM 206 Extra"]
[Source "ChessBase"]
[SourceDate "2022.03.31"]
[SourceVersion "1"]
[SourceVersionDate "2022.03.31"]
[SourceQuality "1"]

1. d4 Nf6 2. Nf3 d5 3. e3 c5 4. c3 Nc6 5. Nbd2 e6 6. Bd3 Bd6 7. 0-0 0-0 8. dxc5 Bxc5 9. e4 e5 10. b4 Bd6 11. Bb2 dxe4 12. Nxe4 Nxe4 13. Bxe4 f5 14. Bd5+ Kh8 15. a3 Qe7 16. c4 e4 17. Nd4 Nxd4 18. Qxd4 a5 19. c5 Bc7 20. Rad1 Rf6 21. g3 axb4 22. axb4 Rb8 23. b5 Be6 24. b6 Bd8 25. Bxe6 Rxe6 26. Qd7 Kg8 27. Rd5 Qxd7 28. Rxd7 Be7 29. Rc1 Kf8 30. Rc7 g6 31. Rd1 Ke8 32. Rdd7 Bxc5 33. Rxh7 Bf8 34. Bd4 Rd8 35. Be3 Re7 36. Rhxe7+ Bxe7 37. Rxb7 Rd1+ 38. Kg2 Rb1 39. h4 Bd8 40. Rg7 Bxb6 41. Rb7 Bxe3 42. Rxb1 Bd4 43. Rb7 Kf8 44. Kf1 Bc5 45. Ke2 Bd4 46. Rd7 Bc5 47. Rc7 Bd4 48. Rc6 Kf7 49. f3 exf3+ 50. Kxf3 Be5 51. Ra6 Bb8 52. Rb6 Be5 53. Rb7+ Kf6 54. Ra7 Bd6 55. Ra6 Ke7 56. g4 fxg4+ 57. Kxg4 Kd7 58. Kg5 Be7+ 59. Kg4 Bd6 60. Rb6 Ke7 61. Rc6 Kd7 62. Ra6 Ke7 63. Kg5 Kd7 64. Kxg6 Bg3 65. h5 1-0

[Event "Titled Tuesday intern op 01st Feb-A"]
[Site "Chess.com INT"]
[Date "2022.02.01"]
[Round "2"]
[White "Karabalis, Harilos"]
[Black "Barrientos Chavarriaga, Sergio E"]
[Result "1-0"]
[WhiteElo "2252"]
[BlackElo "2468"]
[PlyCount "57"]
[EventDate "2022.02.01"]
[EventType "swiss (blitz)"]
[EventRounds "11"]
[EventCountry "USA"]
[SourceTitle "CBM 206 Extra"]
[Source "ChessBase"]
[SourceDate "2022.03.31"]
[SourceVersion "1"]
[SourceVersionDate "2022.03.31"]
[SourceQuality "1"]

1. e4 c5 2. a3 d5 3. exd5 Nf6 4. Bc4 Nxd5 5. Qf3 e6 6. Ne2 Nc6 7. 0-0 Be7 8. Nbc3 Nb6 9. Ba2 0-0 10. d3 Nd4 11. Nxd4 cxd4 12. Ne2 Bf6 13. Ng3 g6 14. Bh6 Bg7 15. Qf4 e5 16. Qd2 Nd5 17. Bxg7 Kxg7 18. Rae1 f6 19. Bxd5 Qxd5 20. f4 Bd7 21. fxe5 fxe5 22. Ne4 Bf5 23. Ng5 Rae8 24. Rf2 h6 25. Nf3 Bg4 26. Ref1 Rf5 27. Nh4 Rxf2 28. Qxf2 Qd8 29. Qf7+ 1-0

[Event "Titled Tuesday intern op 01st Feb-A"]
[Site "Chess.com INT"]
[Date "2022.02.01"]
[Round "7"]
[White "Politov, Pavel Y"]
[Black "Karabalis, Harilos"]
[Result "0-1"]
[WhiteElo "2190"]
[BlackElo "2252"]
[PlyCount "65"]
[EventDate "2022.02.01"]
[EventType "swiss (blitz)"]
[EventRounds "11"]
[EventCountry "USA"]
[SourceTitle "CBM 206 Extra"]
[Source "ChessBase"]
[SourceDate "2022.03.31"]
[SourceVersion "1"]
[SourceVersionDate "2022.03.31"]
[SourceQuality "1"]

1. e4 e6 2. d4 d5 3. Nc3 Bb4 4. e5 Ne7 5. a3 Bxc3+ 6. bxc3 c5 7. Bd3 Qc7 8. Bd2 Bd7 9. Nf3 c4 10. Be2 Ba4 11. 0-0 Nbc6 12. Bf4 h6 13. Qd2 g5 14. Bg3 Nf5 15. Rab1 0-0-0 16. Ne1 h5 17. Qxg5 h4 18. Bf4 Rdg8 19. Qf6 Rh7 20. g4 hxg3 21. fxg3 Rg6 22. Qxg6 fxg6 23. g4 Nfe7 24. Bg5 Qd7 25. Rf8+ Kc7 26. Rd1 Nc8 27. Bf3 Qg7 28. Rf6 Kd7 29. Ng2 Rh3 30. Nf4 Rxf3 31. Rxg6 Qh7 32. Rxe6 Rxf4 33. Bxf4 0-1

[Event "Titled Tuesday intern op 25th Jan"]
[Site "Chess.com INT"]
[Date "2022.01.25"]
[Round "10"]
[White "Ambartsumova, Karina"]
[Black "Karabalis, Harilos"]
[Result "1-0"]
[WhiteElo "2382"]
[BlackElo "2252"]
[PlyCount "56"]
[EventDate "2022.01.25"]
[EventType "swiss (blitz)"]
[EventRounds "11"]
[EventCountry "USA"]
[SourceTitle "CBM 206 Extra"]
[Source "ChessBase"]
[SourceDate "2022.03.31"]
[SourceVersion "1"]
[SourceVersionDate "2022.03.31"]
[SourceQuality "1"]

1. c4 c6 2. Nf3 d5 3. d4 Nf6 4. g3 dxc4 5. Bg2 b5 6. Ne5 Bb7 7. 0-0 e6 8. a4 a6 9. Nc3 Nd5 10. Ne4 Nd7 11. Nxf7 Kxf7 12. Ng5+ Kg8 13. Bh3 Nc7 14. Nxe6 Qe7 15. Nxc7 h5 16. Qc2 Rh7 17. Bf5 g6 18. Bxg6 Rg7 19. Nxa8 Bxa8 20. Bh6 c5 21. Bxg7 Bxg7 22. dxc5 Nxc5 23. Rad1 Bc6 24. axb5 axb5 25. Qf5 Ne6 26. Bh7+ Kh8 27. Qxh5 Bf6 28. Be4+ Kg7 1-0

[Event "Titled Tuesday intern op 25th Jan"]
[Site "Chess.com INT"]
[Date "2022.01.25"]
[Round "1"]
[White "Karabalis, Harilos"]
[Black "Hakemi, Arman"]
[Result "1-0"]
[WhiteElo "2252"]
[BlackElo "2336"]
[PlyCount "117"]
[EventDate "2022.01.25"]
[EventType "swiss (blitz)"]
[EventRounds "11"]
[EventCountry "USA"]
[SourceTitle "CBM 206 Extra"]
[Source "ChessBase"]
[SourceDate "2022.03.31"]
[SourceVersion "1"]
[SourceVersionDate "2022.03.31"]
[SourceQuality "1"]

1. e4 c5 2. a3 e6 3. Nf3 d5 4. e5 Nc6 5. c3 d4 6. b4 Qd5 7. Qe2 Nge7 8. c4 Qd7 9. b5 Na5 10. Bb2 Ng6 11. d3 b6 12. g3 Bb7 13. Bg2 Be7 14. Nbd2 0-0 15. 0-0 f6 16. exf6 Rxf6 17. Ne4 Rf7 18. Rae1 Raf8 19. h4 Rf5 20. Nfd2 Ba8 21. Bh3 Bxh4 22. f4 Be7 23. Bxf5 exf5 24. Ng5 Bxg5 25. fxg5 Qc7 26. Kh2 f4 27. Qg4 Kh8 28. gxf4 Nxf4 29. Qg3 Kg8 30. Ne4 Bxe4 31. Rxe4 Ne6 32. Rxf8+ Kxf8 33. Rxe6 Qd7 34. Qf4+ Kg8 35. Qe5 Nb7 36. Re8+ Kf7 37. Rb8 Nd6 38. Bc1 Kg6 39. Bf4 Nf7 40. Qe4+ Kh5 41. Qf3+ Kg6 42. Rf8 Qf5 43. Qe4 Qxe4 44. dxe4 d3 45. Rxf7 Kxf7 46. Kg3 Ke6 47. Kf3 h5 48. gxh6 gxh6 49. Bxh6 Ke5 50. Bd2 Kd4 51. Kf4 Kxc4 52. e5 Kxb5 53. e6 Kc6 54. Ke5 b5 55. Kf6 b4 56. axb4 cxb4 57. Bxb4 a5 58. Bxa5 Kb5 59. Bd2 1-0

[Event "Titled Tuesday intern op 25th Jan"]
[Site "Chess.com INT"]
[Date "2022.01.25"]
[Round "6"]
[White "Karabalis, Harilos"]
[Black "Seo, Jung Min"]
[Result "0-1"]
[WhiteElo "2252"]
[BlackElo "2466"]
[PlyCount "66"]
[EventDate "2022.01.25"]
[EventType "swiss (blitz)"]
[EventRounds "11"]
[EventCountry "USA"]
[SourceTitle "CBM 206 Extra"]
[Source "ChessBase"]
[SourceDate "2022.03.31"]
[SourceVersion "1"]
[SourceVersionDate "2022.03.31"]
[SourceQuality "1"]

1. e4 e6 2. d4 d5 3. Nc3 Nf6 4. e5 Nfd7 5. f4 c5 6. Nf3 Nc6 7. Be3 Qb6 8. Na4 Qa5+ 9. c3 cxd4 10. b4 Qc7 11. Nxd4 Nxd4 12. Bxd4 Be7 13. Bd3 a5 14. a3 b6 15. 0-0 Ba6 16. b5 Bb7 17. f5 Nc5 18. fxe6 Nxe6 19. Qg4 0-0 20. Rxf7 Rxf7 21. Qxe6 Bc5 22. Nxb6 Raf8 23. Nxd5 Bxd4+ 24. cxd4 Qd8 25. Bc4 Kh8 26. h3 Rd7 27. Ne3 Rxd4 28. Re1 Re4 29. Kh2 Qd4 30. Nc2 Qxc4 31. Qxc4 Rxc4 32. Ne3 Re4 33. Rf1 Rxf1 0-1